[Event "First Saturday 2009 may IM"]
[Site "Budapest"]
[Date "2009.05.02"]
[Round "1"]
[White "Szabo, Bence"]
[Black "Galyas, Miklos"]
[Result "1/2-1/2"]
[WhiteElo "2220"]
[BlackElo "2458"]
[PlyCount "62"]
[EventDate "2009.05.02"]

1. e4 e5 2. Nf3 Nc6 3. Bc4 Bc5 4. O-O Nf6 5. d4 exd4 6. e5 d5 7. exf6 dxc4 8.
fxg7 Rg8 9. Re1+ Be6 10. Bg5 Be7 11. Bxe7 Kxe7 12. Nbd2 Kf6 13. b4 b5 14. a4
Kxg7 15. axb5 Nxb4 16. Ra4 a5 17. Re4 d3 18. c3 Bd5 19. Rg4+ Kh8 20. Rxg8+ Kxg8
21. cxb4 axb4 22. Rxa8 Qxa8 23. Ne5 c3 24. Qg4+ Kh8 25. Qd4 Kg8 26. Qg4+ Kh8
27. Qd4 f6 28. Nxd3 cxd2 29. Qxf6+ Kg8 30. Qg5+ Kh8 31. Qf6+ Kg8 1/2-1/2

[Event "First Saturday 2009 may IM"]
[Site "Budapest"]
[Date "2009.05.02"]
[Round "1"]
[White "Farago, Sandor"]
[Black "Koczo, Kristof"]
[Result "0-1"]
[WhiteElo "2255"]
[BlackElo "2244"]
[PlyCount "118"]
[EventDate "2009.05.02"]

1. e4 c6 2. d4 d5 3. e5 f6 4. f4 fxe5 5. fxe5 Bf5 6. Bd3 Qd7 7. Nf3 Nh6 8. O-O
Bxd3 9. Qxd3 Na6 10. Bxh6 gxh6 11. e6 Qxe6 12. Ne5 Bg7 13. Nc3 Bxe5 14. Rae1
Bxh2+ 15. Kxh2 Qd6+ 16. Kg1 O-O-O 17. Rf7 Rde8 18. a3 Nc7 19. b4 Kb8 20. b5 c5
21. Re5 Rhf8 22. Rxh7 Rf4 23. Qe3 Qf6 24. Ne2 Rf1+ 25. Kh2 Qh4+ 26. Qh3 Qxh3+
27. Kxh3 Nxb5 28. Ng3 Ra1 29. dxc5 Rxa3 30. Rxd5 Rg8 31. Rd3 Rxd3 32. cxd3 Nd4
33. Ne4 Ne6 34. Rxe7 Nf4+ 35. Kh2 Rxg2+ 36. Kh1 Re2 37. Rh7 Nxd3 38. Rh8+ Kc7
39. Rh7+ Kd8 40. Rh8+ Ke7 41. Nd6 Nxc5 42. Nc8+ Kf6 43. Rxh6+ Kg5 44. Rh7 a5
45. Rc7 Re5 46. Nd6 Rd5 47. Nxb7 Nxb7 48. Rxb7 Kf4 49. Kg2 Ke3 50. Re7+ Kd2 51.
Kf3 Rd3+ 52. Kf4 a4 53. Ra7 a3 54. Ke4 Kc2 55. Rc7+ Rc3 56. Ra7 Kb2 57. Kd4 Rb3
58. Kc4 a2 59. Ra8 Ra3 0-1

[Event "First Saturday 2009 may IM"]
[Site "Budapest"]
[Date "2009.05.02"]
[Round "1"]
[White "Kislik, Erik Andrew"]
[Black "Szalanczy, Emil"]
[Result "1-0"]
[WhiteElo "2314"]
[BlackElo "2295"]
[PlyCount "91"]
[EventDate "2009.05.02"]

1. e4 c5 2. Nf3 d6 3. d4 cxd4 4. Nxd4 Nf6 5. Nc3 g6 6. Be3 Bg7 7. f3 Nc6 8. Qd2
h5 9. O-O-O Bd7 10. Kb1 Rc8 11. g3 Ne5 12. h3 Kf8 13. f4 Nc4 14. Bxc4 Rxc4 15.
e5 Ne8 16. Ne4 Qc7 17. e6 Rxd4 18. Bxd4 Bxe6 19. Ng5 Bf5 20. g4 Bc8 21. Bxg7+
Kxg7 22. Qd5 e6 23. Qd4+ e5 24. Qd3 Nf6 25. f5 Qe7 26. Rhg1 hxg4 27. fxg6 fxg6
28. hxg4 Bxg4 29. Rdf1 e4 30. Qc3 Bf3 31. Nxf3 exf3 32. Rxf3 Rh6 33. Re1 Qf8
34. Qc7+ Qf7 35. Qxd6 g5 36. b3 g4 37. Rf5 Kg6 38. Qf4 Kg7 39. Rfe5 Ng8 40.
Qxg4+ Rg6 41. Qd4 Qf6 42. Qd7+ Kh8 43. Qxb7 a6 44. Rh5+ Rh6 45. Rxh6+ Qxh6 46.
Rh1 1-0

[Event "First Saturday 2009 may IM"]
[Site "Budapest"]
[Date "2009.05.02"]
[Round "1"]
[White "Denisov, Ivan"]
[Black "Hedke, Fred"]
[Result "0-1"]
[WhiteElo "2189"]
[BlackElo "2310"]
[PlyCount "86"]
[EventDate "2009.05.02"]

1. e4 e5 2. Nf3 d6 3. d4 exd4 4. Nxd4 Nf6 5. Nc3 Be7 6. Be2 O-O 7. Be3 Re8 8.
g4 Bf8 9. Bf3 Nfd7 10. g5 Ne5 11. Be2 c5 12. Nf5 Nbc6 13. Ng3 Nd4 14. Bxd4 cxd4
15. Nd5 Be6 16. O-O Bxd5 17. exd5 Ng6 18. Qxd4 Qxg5 19. f4 Qh4 20. Nf5 Qh3 21.
Bd3 Nh4 22. Nxh4 Qxh4 23. Kh1 Be7 24. Rf3 Bf6 25. Qb4 Qh5 26. Be4 a5 27. Qc4
Bxb2 28. Raf1 Rac8 29. Qd3 Rc3 30. Qd1 Rc5 31. Qd3 Rc3 32. Qd1 Rxf3 33. Bxf3
Qh3 34. c4 Bd4 35. a4 h6 36. Bg2 Qc3 37. Qc1 Qb4 38. Qc2 b6 39. Bf3 Re3 40. Be2
Qb2 41. Qxb2 Bxb2 42. Rf2 Bd4 43. Bd1 Re1+ 0-1

[Event "First Saturday 2009 may IM"]
[Site "Budapest"]
[Date "2009.05.03"]
[Round "2"]
[White "Galyas, Miklos"]
[Black "Hedke, Fred"]
[Result "1-0"]
[WhiteElo "2458"]
[BlackElo "2310"]
[PlyCount "75"]
[EventDate "2009.05.02"]

1. d4 g6 2. c4 Bg7 3. e4 d6 4. Nc3 Nd7 5. Nf3 e6 6. Be2 Ne7 7. Be3 b6 8. Qd2 h6
9. O-O Bb7 10. h3 g5 11. d5 e5 12. Nh2 Ng6 13. Bg4 Nf6 14. Bf5 Nh4 15. Ng4 Bc8
16. Bxc8 Rxc8 17. Qd1 Nxg4 18. hxg4 Qf6 19. Ne2 O-O 20. Ng3 Rfd8 21. a4 a5 22.
Nf5 Nxf5 23. gxf5 Qe7 24. g3 Rd7 25. Kg2 Bf8 26. Qd2 f6 27. b4 axb4 28. Qxb4
Ra8 29. a5 Rxa5 30. Rxa5 bxa5 31. Qxa5 Qe8 32. Rb1 Rh7 33. Rb7 c5 34. Rb6 Qh5
35. Rb8 Rd7 36. Bxc5 Qe2 37. Qa8 Qxe4+ 38. Kh2 1-0

[Event "First Saturday 2009 may IM"]
[Site "Budapest"]
[Date "2009.05.03"]
[Round "2"]
[White "Szalanczy, Emil"]
[Black "Denisov, Ivan"]
[Result "1-0"]
[WhiteElo "2295"]
[BlackElo "2189"]
[PlyCount "85"]
[EventDate "2009.05.02"]

1. e4 c5 2. Nf3 d6 3. d4 cxd4 4. Nxd4 Nf6 5. Nc3 a6 6. Bg5 e6 7. f4 Nbd7 8. Qf3
Qc7 9. O-O-O b5 10. Bd3 Bb7 11. Rhe1 Be7 12. Qh3 b4 13. Nd5 Nxd5 14. exd5 Bxd5
15. Bg6 Bxg5 16. Bxf7+ Kxf7 17. Nxe6 Bxf4+ 18. Nxf4 Bc4 19. b3 Nf6 20. bxc4
Rhe8 21. Nd5 Nxd5 22. Qh5+ Kf8 23. Qxd5 g6 24. Rxe8+ Rxe8 25. Qxd6+ Qxd6 26.
Rxd6 Rc8 27. Rd4 a5 28. Kb2 Ke7 29. c3 bxc3+ 30. Kxc3 Rf8 31. Rd2 Ke6 32. c5
Rf4 33. a3 Ke7 34. h3 h5 35. Rd6 Rf5 36. Kc4 Rg5 37. Rd2 Rg3 38. a4 Re3 39. c6
Re1 40. Kb5 Rc1 41. Kb6 Rc4 42. c7 h4 43. Rd8 1-0

[Event "First Saturday 2009 may IM"]
[Site "Budapest"]
[Date "2009.05.03"]
[Round "2"]
[White "Lengyel, Bela"]
[Black "Kislik, Erik Andrew"]
[Result "1-0"]
[WhiteElo "2268"]
[BlackElo "2314"]
[PlyCount "159"]
[EventDate "2009.05.02"]

1. e4 c5 2. Nf3 d6 3. d4 cxd4 4. Nxd4 Nf6 5. Nc3 a6 6. Be2 e5 7. Nb3 Be7 8. O-O
O-O 9. a4 Be6 10. f4 Qb6+ 11. Kh1 Nbd7 12. a5 Qc6 13. f5 Bxb3 14. cxb3 h6 15.
Be3 Nc5 16. Nd5 Nxd5 17. exd5 Qd7 18. Bg4 Qd8 19. b4 Nd7 20. Be2 Bg5 21. Bg1
Re8 22. b5 e4 23. b4 e3 24. Ra3 Re5 25. Rf3 Nf6 26. bxa6 bxa6 27. h4 Bxh4 28.
Raxe3 Rxd5 29. Rd3 Rxd3 30. Qxd3 d5 31. g3 Bg5 32. Bb6 Qd6 33. Bc5 Qd7 34. Kg2
Ne4 35. Bb6 Qd6 36. b5 axb5 37. Qxb5 d4 38. Bd3 Nc3 39. Qc4 Bf6 40. Kh3 Qd5 41.
Qxd5 Nxd5 42. Be4 Nxb6 43. axb6 Rb8 44. b7 Kf8 45. Rb3 Ke7 46. Rb5 Kd6 47. g4
Kc7 48. Kg2 Rd8 49. Kf1 Bg5 50. Ke2 Kb8 51. Kd3 Bf4 52. Bd5 Be3 53. Bxf7 Rd7
54. Bd5 Rd8 55. Be6 Rf8 56. Bd5 Rd8 57. Kc4 Kc7 58. Kd3 Kb8 59. Be6 Kc7 60. Bc8
Rxc8 61. bxc8=Q+ Kxc8 62. Ra5 Kb7 63. Re5 Bg5 64. Kxd4 Kc6 65. Re6+ Kd7 66. Kd5
Bf6 67. Re2 Bc3 68. Re4 Bf6 69. Re3 Bg5 70. Rb3 Ke7 71. Rb7+ Kf8 72. Ke6 Kg8
73. Rb8+ Kh7 74. Kf7 Bf6 75. Rb6 Be5 76. Ra6 Bd4 77. Re6 Bc3 78. g5 h5 79. Re2
h4 80. Re4 1-0

[Event "First Saturday 2009 may IM"]
[Site "Budapest"]
[Date "2009.05.03"]
[Round "2"]
[White "Koczo, Kristof"]
[Black "Wittmann, Walter"]
[Result "1/2-1/2"]
[WhiteElo "2244"]
[BlackElo "2272"]
[PlyCount "59"]
[EventDate "2009.05.02"]

1. d4 d5 2. g3 Nf6 3. Bg2 g6 4. e3 Bg7 5. Ne2 O-O 6. O-O Nbd7 7. Nd2 e5 8. c4
exd4 9. Nxd4 c6 10. cxd5 Nxd5 11. Nc4 Ne5 12. Qb3 Nxc4 13. Qxc4 Nc7 14. Qc2 Ne6
15. Nb3 a5 16. Rd1 Qf6 17. Bd2 a4 18. Na5 Qxb2 19. Qxb2 Bxb2 20. Rab1 a3 21.
Nc4 Rd8 22. Nxb2 axb2 23. Rxb2 Nc5 24. Rc2 Na6 25. Rdc1 Nc7 26. Rb2 Nb5 27. Bf1
Be6 28. Bc4 Bxc4 29. Rxc4 Ra3 30. Kf1 1/2-1/2

[Event "First Saturday 2009 may IM"]
[Site "Budapest"]
[Date "2009.05.03"]
[Round "2"]
[White "Szabo, Bence"]
[Black "Farago, Sandor"]
[Result "0-1"]
[WhiteElo "2220"]
[BlackElo "2255"]
[PlyCount "113"]
[EventDate "2009.05.02"]

1. d4 Nf6 2. c4 g6 3. Nc3 Bg7 4. e4 d6 5. Bd3 e5 6. d5 Na6 7. Nge2 Nc5 8. Bc2
a5 9. O-O O-O 10. Ng3 Bd7 11. h3 Qe7 12. Be3 c6 13. dxc6 bxc6 14. Qd2 Be6 15.
b3 Rfd8 16. Rad1 d5 17. exd5 cxd5 18. cxd5 Nxd5 19. Nxd5 Bxd5 20. Qe2 Ne6 21.
Be4 Bxe4 22. Nxe4 Nd4 23. Bxd4 exd4 24. Rfe1 Qb4 25. Qd3 Rac8 26. Kf1 h6 27.
Rc1 Qa3 28. Rxc8 Rxc8 29. Qd2 f5 30. Ng3 Qc5 31. Rd1 a4 32. bxa4 Ra8 33. Ne2
Rxa4 34. Nf4 Qc4+ 35. Qe2 Qf7 36. Rd2 Rb4 37. Kg1 Rb1+ 38. Kh2 Rb6 39. Nd3 g5
40. Rc2 Qd7 41. g3 Kh7 42. Qf3 Rb5 43. Qe2 Qd5 44. Rc1 Ra5 45. Rc2 Ra3 46. Rd2
Rc3 47. Qd1 Qe4 48. a4 Ra3 49. Qc2 Qf3 50. Ne1 Qe4 51. Nd3 h5 52. Qd1 Kg6 53.
Qc2 Rc3 54. Qd1 h4 55. a5 hxg3+ 56. fxg3 Ra3 57. a6 0-1

[Event "First Saturday 2009 may IM"]
[Site "Budapest"]
[Date "2009.05.04"]
[Round "3"]
[White "Farago, Sandor"]
[Black "Galyas, Miklos"]
[Result "1-0"]
[WhiteElo "2255"]
[BlackElo "2458"]
[PlyCount "155"]
[EventDate "2009.05.02"]

1. d4 d5 2. Nf3 Nf6 3. g3 Bf5 4. Bg2 e6 5. O-O h6 6. b3 Be7 7. Bb2 O-O 8. Nbd2
Nbd7 9. c4 c6 10. a3 Ne4 11. Nxe4 Bxe4 12. Nd2 Bh7 13. e4 dxe4 14. Nxe4 Nf6 15.
Nc3 Qb6 16. Na4 Qc7 17. Qe2 Rad8 18. Rfd1 Bg6 19. Rd2 Rfe8 20. Re1 h5 21. b4 h4
22. Nc5 a5 23. Bc3 axb4 24. axb4 Ra8 25. Ra2 b6 26. Rxa8 Rxa8 27. Nd3 hxg3 28.
hxg3 Bxd3 29. Qxd3 Ra3 30. Qd2 b5 31. Qb2 Qa7 32. Bxc6 bxc4 33. b5 Rb3 34. Qc2
Nd5 35. Ba1 Bb4 36. Rf1 Ra3 37. Qxc4 Rxa1 38. Bxd5 Rxf1+ 39. Kxf1 Bd6 40. Bxe6
Qc7 41. b6 Qxb6 42. Bxf7+ Kf8 43. Bd5 Qc7 44. Qd3 Be7 45. Qf5+ Bf6 46. Kg2 Qd6
47. Qe4 g6 48. Be6 Kg7 49. d5 Qe5 50. Qb4 Bd8 51. Qc4 Bb6 52. Bg4 Qf6 53. Bf3
Bd4 54. Qc7+ Kh6 55. d6 g5 56. Qe7 Be5 57. Be4 Qg7 58. f3 Bd4 59. Kh3 g4+ 60.
fxg4 Bf6 61. Qe8 Qg5 62. d7 Kg7 63. Bf5 Qh6+ 64. Qh5 Bd8 65. Qxh6+ Kxh6 66. Kg2
Kg5 67. Kf3 Kf6 68. Ke4 Bc7 69. Kd5 Ke7 70. g5 Bxg3 71. g6 Bc7 72. Kc6 Ba5 73.
Kb7 Kf6 74. Kc8 Ke7 75. Bc2 Bb6 76. Bb3 Kf6 77. Bf7 Ke7 78. Be8 1-0

[Event "First Saturday 2009 may IM"]
[Site "Budapest"]
[Date "2009.05.04"]
[Round "3"]
[White "Wittmann, Walter"]
[Black "Szabo, Bence"]
[Result "0-1"]
[WhiteElo "2272"]
[BlackElo "2220"]
[PlyCount "82"]
[EventDate "2009.05.02"]

1. e4 c5 2. Nf3 d6 3. d4 cxd4 4. Nxd4 Nf6 5. Nc3 Nc6 6. Bc4 Qb6 7. Nb3 e6 8.
Bf4 Ne5 9. Be2 Be7 10. Qd2 a6 11. O-O O-O 12. a4 Qc7 13. a5 Bd7 14. Rfd1 Rac8
15. Bg3 Rfd8 16. Qe1 Be8 17. f3 Nc4 18. Bxc4 Qxc4 19. Rd4 Qc6 20. Qd2 e5 21.
Rd3 Bd7 22. Rc1 Be6 23. Nd5 Bxd5 24. exd5 Qc4 25. Bf2 Re8 26. Qd1 Nh5 27. Be3
Nf4 28. Bxf4 Qxf4 29. Nd2 Qa4 30. Nb3 Bg5 31. Ra1 Qc4 32. Rc3 Qb4 33. Qd3 g6
34. Ra2 f5 35. Nd2 Rxc3 36. bxc3 Qc5+ 37. Kh1 Qf2 38. Nf1 e4 39. fxe4 fxe4 40.
Qc4 e3 41. Ra1 e2 0-1

[Event "First Saturday 2009 may IM"]
[Site "Budapest"]
[Date "2009.05.04"]
[Round "3"]
[White "Kislik, Erik Andrew"]
[Black "Koczo, Kristof"]
[Result "1-0"]
[WhiteElo "2314"]
[BlackElo "2244"]
[PlyCount "167"]
[EventDate "2009.05.02"]

1. e4 c6 2. d4 d5 3. Nc3 dxe4 4. Nxe4 Nd7 5. Nf3 Ngf6 6. Nc3 e6 7. Bd3 c5 8.
Qe2 cxd4 9. Nxd4 Nc5 10. Bb5+ Bd7 11. Be3 a6 12. Bxd7+ Ncxd7 13. O-O-O Rc8 14.
Kb1 Bb4 15. Bd2 Qb6 16. Nb3 Qc7 17. g4 O-O 18. g5 Bxc3 19. Bxc3 Nd5 20. Bd4
Rfe8 21. c3 e5 22. Be3 Nxe3 23. Qxe3 Nf8 24. Rd5 Rcd8 25. Rhd1 Rxd5 26. Rxd5
Qc4 27. Rd1 Qg4 28. Kc1 b5 29. Nc5 a5 30. Ne4 b4 31. c4 a4 32. c5 Qe6 33. Kb1
Rc8 34. h4 Qg4 35. Rh1 Ne6 36. h5 Qf5 37. Ka1 Nd4 38. Rc1 b3 39. Qd3 Nc2+ 40.
Kb1 Nb4 41. Qc4 Nxa2 42. Rd1 a3 43. Qd3 Qe6 44. Qd8+ Qe8 45. Qxe8+ Rxe8 46. c6
Nb4 47. bxa3 Nxc6 48. Rd7 Nd4 49. Nd6 Rf8 50. a4 f5 51. h6 gxh6 52. gxh6 Ne6
53. Re7 Rf6 54. a5 Rxh6 55. a6 Nc5 56. Re8+ Kg7 57. Nxf5+ Kf6 58. Nxh6 Nxa6 59.
Ng4+ Kf5 60. Nxe5 Nc7 61. Rc8 Ne6 62. Nd3 h5 63. Kb2 h4 64. Rh8 Kg4 65. Ne5+
Kf4 66. Ng6+ Kf3 67. Rxh4 Kxf2 68. Rh3 Nc5 69. Nf4 Kg1 70. Kc3 Kf2 71. Nd3+ Kg2
72. Re3 Nd7 73. Kxb3 Nf6 74. Kc4 Ng4 75. Nf4+ Kf2 76. Ra3 Ne3+ 77. Kc5 Nf1 78.
Kd4 Ng3 79. Nd3+ Kf3 80. Ne5+ Kf2 81. Ra2+ Kf1 82. Kd3 Nf5 83. Ng4 Kg1 84. Ra1+
1-0

[Event "First Saturday 2009 may IM"]
[Site "Budapest"]
[Date "2009.05.04"]
[Round "3"]
[White "Denisov, Ivan"]
[Black "Lengyel, Bela"]
[Result "1-0"]
[WhiteElo "2189"]
[BlackElo "2268"]
[PlyCount "105"]
[EventDate "2009.05.02"]

1. e4 e5 2. Nf3 Nc6 3. Bc4 Nf6 4. d3 Bc5 5. c3 d6 6. Bb3 O-O 7. Nbd2 a6 8. h3
Ba7 9. Nf1 d5 10. Qe2 Re8 11. Bc2 Be6 12. g4 b5 13. Ng5 d4 14. Nxe6 fxe6 15. g5
Nd7 16. Nh2 Rf8 17. O-O Rb8 18. a3 Ne7 19. Qg4 Rb6 20. cxd4 exd4 21. f4 Rc6 22.
Qg2 e5 23. f5 Kh8 24. Ng4 Rxc2 25. Qxc2 c5 26. b3 Qe8 27. Bd2 g6 28. f6 Nc6 29.
Kg2 Qe6 30. Kg3 Nd8 31. h4 Nf7 32. Rh1 h5 33. gxh6 Kh7 34. Raf1 Rg8 35. Rhg1
Nf8 36. Kh2 Qd6 37. Nf2 Ne6 38. Nh3 Bb8 39. Rg4 Nf4 40. Nxf4 exf4 41. Bxf4 Qxf6
42. Kg1 Qe6 43. Qg2 Be5 44. h5 g5 45. Bxe5 Nxe5 46. Rxg5 Rxg5 47. Qxg5 Qg8 48.
Qxg8+ Kxg8 49. Rd1 Kh7 50. Kg2 Kxh6 51. Kg3 Kg5 52. h6 Kxh6 53. Kf4 1-0

[Event "First Saturday 2009 may IM"]
[Site "Budapest"]
[Date "2009.05.04"]
[Round "3"]
[White "Hedke, Fred"]
[Black "Szalanczy, Emil"]
[Result "0-1"]
[WhiteElo "2310"]
[BlackElo "2295"]
[PlyCount "36"]
[EventDate "2009.05.02"]

1. e4 c5 2. c3 d6 3. d4 Nf6 4. dxc5 Nc6 5. f3 d5 6. exd5 Nxd5 7. Bc4 e6 8. Bxd5
exd5 9. Be3 Qh4+ 10. g3 Qh5 11. Na3 Be6 12. Kf2 O-O-O 13. Qa4 g5 14. b4 Bg7 15.
b5 d4 16. bxc6 dxe3+ 17. Kf1 Bh3+ 18. Nxh3 Qxf3+ 0-1

[Event "First Saturday 2009 may IM"]
[Site "Budapest"]
[Date "2009.05.05"]
[Round "4"]
[White "Galyas, Miklos"]
[Black "Szalanczy, Emil"]
[Result "1-0"]
[WhiteElo "2458"]
[BlackElo "2295"]
[PlyCount "61"]
[EventDate "2009.05.02"]

1. d4 c5 2. d5 e6 3. c4 exd5 4. cxd5 d6 5. Nc3 g6 6. e4 Bg7 7. Bd3 Nh6 8. Bf4
g5 9. Bg3 Qe7 10. Nge2 Nd7 11. O-O Ng4 12. Nb5 Nde5 13. h3 Nh6 14. f4 gxf4 15.
Bxf4 a6 16. Qd2 Rg8 17. Bxh6 axb5 18. Bxb5+ Bd7 19. Bg5 Qf8 20. Bxd7+ Nxd7 21.
Ng3 Bd4+ 22. Kh1 Qg7 23. Bh4 Ra6 24. Nf5 Qg6 25. Ne7 Qh5 26. Nxg8 Qxh4 27. Nh6
Ne5 28. Nf5 Qxe4 29. Qg5 Nd3 30. Qg8+ Kd7 31. Nxd4 1-0

[Event "First Saturday 2009 may IM"]
[Site "Budapest"]
[Date "2009.05.05"]
[Round "4"]
[White "Lengyel, Bela"]
[Black "Hedke, Fred"]
[Result "1-0"]
[WhiteElo "2268"]
[BlackElo "2310"]
[PlyCount "77"]
[EventDate "2009.05.02"]

1. e4 e5 2. Bc4 d6 3. Nc3 Nf6 4. d3 c6 5. Qe2 Be7 6. Nf3 O-O 7. O-O b5 8. Bb3
Nbd7 9. a3 Bb7 10. h3 a6 11. Ba2 Rc8 12. Nh4 Nc5 13. Nf5 Ne6 14. Qf3 Nd4 15.
Nxd4 exd4 16. Ne2 c5 17. Ng3 g6 18. Bh6 Re8 19. Rfe1 Bf8 20. Bg5 Bg7 21. Qf4 c4
22. Qh4 Qe7 23. Re2 Qe6 24. f4 Nd7 25. Rf2 f6 26. Bh6 Qe7 27. dxc4 bxc4 28. Rd1
d5 29. Rxd4 Bxh6 30. Qxh6 dxe4 31. f5 Ne5 32. fxg6 hxg6 33. Nxe4 f5 34. Nd6
Rcd8 35. Nxc4 Nf3+ 36. Rxf3 Rxd4 37. Ne5+ Bd5 38. Bxd5+ Rxd5 39. Qxg6+ 1-0

[Event "First Saturday 2009 may IM"]
[Site "Budapest"]
[Date "2009.05.05"]
[Round "4"]
[White "Koczo, Kristof"]
[Black "Denisov, Ivan"]
[Result "0-1"]
[WhiteElo "2244"]
[BlackElo "2189"]
[PlyCount "64"]
[EventDate "2009.05.02"]

1. d4 Nf6 2. g3 e6 3. Bg2 d5 4. Nf3 Be7 5. O-O O-O 6. b3 c5 7. c4 Nc6 8. Bb2 b6
9. cxd5 Nxd5 10. e4 Nf6 11. d5 exd5 12. exd5 Nb4 13. Ne5 Ba6 14. a3 Bxf1 15.
Kxf1 Nbxd5 16. Nd2 Rc8 17. Qc2 Qc7 18. Re1 b5 19. Qf5 Rcd8 20. Ne4 g6 21. Qh3
Nxe4 22. Bxe4 Bf6 23. f4 Bg7 24. Qg2 Ne7 25. Bb1 Qd6 26. Bc3 Qd5 27. Ba5 Qxg2+
28. Kxg2 Rd6 29. Nf3 Nc6 30. Bc7 Rd7 31. Be5 Bxe5 32. fxe5 c4 0-1

[Event "First Saturday 2009 may IM"]
[Site "Budapest"]
[Date "2009.05.05"]
[Round "4"]
[White "Farago, Sandor"]
[Black "Wittmann, Walter"]
[Result "0-1"]
[WhiteElo "2255"]
[BlackElo "2272"]
[PlyCount "94"]
[EventDate "2009.05.02"]

1. e4 e5 2. Nf3 Nc6 3. Bb5 a6 4. Ba4 b5 5. Bb3 Bc5 6. c3 d6 7. d4 exd4 8. cxd4
Bb6 9. Bg5 Nge7 10. h3 h6 11. Be3 Na5 12. Bc2 Nc4 13. Bc1 Ba5+ 14. Nbd2 O-O 15.
O-O Nxd2 16. Nxd2 Bb6 17. Nf3 Ng6 18. Be3 Bb7 19. Re1 Qf6 20. Nh2 Rfe8 21. Ng4
Qh4 22. f3 h5 23. Bf2 Qg5 24. Ne3 c5 25. d5 c4 26. Qd2 Re5 27. Rad1 Bc8 28. Kf1
Nf4 29. h4 Qg6 30. Ng4 Bxf2 31. Kxf2 Nd3+ 32. Bxd3 hxg4 33. Bc2 gxf3 34. gxf3
Qf6 35. Rh1 Rh5 36. Qc3 Qf4 37. Rdg1 f6 38. Qe3 Qe5 39. Qb6 Bd7 40. Qc7 Qxb2
41. Qxd7 Qxc2+ 42. Kg3 Kh8 43. Kg4 Re5 44. Kh3 Rg8 45. Rg3 Qf2 46. Rhg1 Rh5 47.
Qg4 Rh6 $19 {after 61 moves} 0-1

[Event "First Saturday 2009 may IM"]
[Site "Budapest"]
[Date "2009.05.06"]
[Round "5"]
[White "Wittmann, Walter"]
[Black "Galyas, Miklos"]
[Result "1/2-1/2"]
[WhiteElo "2272"]
[BlackElo "2458"]
[PlyCount "23"]
[EventDate "2009.05.02"]

1. e4 e6 2. d4 d5 3. Nd2 h6 4. c3 c5 5. Ngf3 Nf6 6. Bb5+ Nc6 7. exd5 Qxd5 8.
O-O cxd4 9. Nxd4 Bd7 10. N2f3 Nxd4 11. Bxd7+ Qxd7 12. Qxd4 1/2-1/2

[Event "First Saturday 2009 may IM"]
[Site "Budapest"]
[Date "2009.05.06"]
[Round "5"]
[White "Kislik, Erik Andrew"]
[Black "Farago, Sandor"]
[Result "1-0"]
[WhiteElo "2314"]
[BlackElo "2255"]
[PlyCount "127"]
[EventDate "2009.05.02"]

1. e4 c5 2. Nf3 d6 3. d4 cxd4 4. Nxd4 Nf6 5. Nc3 a6 6. Be3 b5 7. Nd5 Bb7 8.
Nxf6+ exf6 9. Bd3 Nd7 10. O-O g6 11. Qd2 Nc5 12. Rae1 Qc7 13. Nb3 O-O-O 14. Bd4
Be7 15. Na5 Ba8 16. b4 Ne6 17. Bb2 d5 18. e5 fxe5 19. Bxe5 Bd6 20. f4 f6 21.
Bxf6 Nxf4 22. Kh1 Rhe8 23. Bxd8 Rxd8 24. Rf2 d4 25. Be4 Nd5 26. Bxd5 Bxd5 27.
Rfe2 Bxh2 28. Qg5 Bf4 29. Qg4+ Kb8 30. Re7 h5 31. Qxg6 Qd6 32. Qf5 Be3 33. Qe5
Qxe5 34. Rxe5 h4 35. Rh5 Ba8 36. Re2 Rf8 37. Rxh4 Rf1+ 38. Kh2 Bd5 39. Rh8+ Kc7
40. Kg3 Be6 41. Rh4 Bxa2 42. c3 Bd5 43. cxd4 Bg5 44. Rg4 Bf6 45. Rf4 Rxf4 46.
Kxf4 Kd6 47. Ke3 Ke6 48. Kd3+ Kf5 49. Rf2+ Kg5 50. Kc3 Be7 51. Nb3 Kg4 52. Nc5
Bg5 53. Re2 Bf4 54. Nxa6 Kg3 55. Re7 Kxg2 56. Nc7 Bc4 57. Re5 Kf3 58. Rxb5 Be2
59. Rf5 Ke4 60. Rf7 Bh5 61. Re7+ Kf5 62. b5 Bf3 63. Rf7+ Kg4 64. Rg7+ 1-0

[Event "First Saturday 2009 may IM"]
[Site "Budapest"]
[Date "2009.05.06"]
[Round "5"]
[White "Denisov, Ivan"]
[Black "Szabo, Bence"]
[Result "0-1"]
[WhiteElo "2189"]
[BlackElo "2220"]
[PlyCount "66"]
[EventDate "2009.05.02"]

1. e4 c5 2. Nf3 d6 3. d4 cxd4 4. Nxd4 Nf6 5. Nc3 Nc6 6. Bc4 e6 7. Be3 a6 8. Bb3
Qc7 9. f4 Na5 10. Qf3 b5 11. O-O Bb7 12. a3 Rc8 13. Rae1 Nxb3 14. Nxb3 Be7 15.
Nd4 O-O 16. g4 Nd7 17. g5 Rfe8 18. Qg4 e5 19. Nf5 Bf8 20. Rf3 exf4 21. Bxf4 Ne5
22. Bxe5 Rxe5 23. Rh3 g6 24. Ne3 Qc5 25. Rg3 Rce8 26. Re2 Bxe4 27. Nxe4 Rxe4
28. Qf3 Bg7 29. c3 d5 30. Kg2 d4 31. cxd4 Bxd4 32. b4 Qe7 33. Qf2 Qe5 0-1

[Event "First Saturday 2009 may IM"]
[Site "Budapest"]
[Date "2009.05.06"]
[Round "5"]
[White "Hedke, Fred"]
[Black "Koczo, Kristof"]
[Result "0-1"]
[WhiteElo "2310"]
[BlackElo "2244"]
[PlyCount "66"]
[EventDate "2009.05.02"]

1. e4 c6 2. c4 d5 3. exd5 cxd5 4. cxd5 Nf6 5. Qa4+ Nbd7 6. Nc3 g6 7. Nf3 Bg7 8.
Be2 O-O 9. Qh4 Nb6 10. d4 Nbxd5 11. O-O b6 12. Bh6 Bb7 13. Ng5 Nxc3 14. bxc3
Rc8 15. Rac1 Qd7 16. Rfd1 Rfd8 17. c4 Qa4 18. Rc3 Qxa2 19. Bf1 Bxh6 20. Qxh6
Qxf2+ 21. Kxf2 Ng4+ 22. Ke1 Nxh6 23. Ra3 Ra8 24. d5 Nf5 25. Nf3 e6 26. Rda1
exd5 27. Rxa7 Ne3 28. Rxa8 Rxa8 29. Rb1 Nxf1 30. Kxf1 dxc4 31. Ne5 Ra2 32. Rxb6
Bxg2+ 33. Kg1 c3 0-1

[Event "First Saturday 2009 may IM"]
[Site "Budapest"]
[Date "2009.05.06"]
[Round "5"]
[White "Szalanczy, Emil"]
[Black "Lengyel, Bela"]
[Result "1/2-1/2"]
[WhiteElo "2295"]
[BlackElo "2268"]
[PlyCount "40"]
[EventDate "2009.05.02"]

1. e4 e5 2. Nf3 Nc6 3. Bb5 a6 4. Ba4 Nf6 5. O-O Be7 6. Re1 b5 7. Bb3 d6 8. c3
O-O 9. h3 Na5 10. Bc2 c5 11. d4 Qc7 12. Nbd2 Nc6 13. d5 Na5 14. b3 Bd7 15. Nf1
Nb7 16. Ng3 g6 17. Nh2 c4 18. b4 a5 19. Qf3 Ra6 20. Bg5 Qd8 1/2-1/2

[Event "First Saturday 2009 may IM"]
[Site "Budapest"]
[Date "2009.05.07"]
[Round "6"]
[White "Galyas, Miklos"]
[Black "Lengyel, Bela"]
[Result "1-0"]
[WhiteElo "2458"]
[BlackElo "2268"]
[PlyCount "74"]
[EventDate "2009.05.02"]

1. d4 d5 2. c4 c6 3. Nf3 Nf6 4. e3 Bf5 5. Nc3 e6 6. Nh4 Bg6 7. Be2 Nbd7 8. O-O
Bd6 9. g3 O-O 10. Nxg6 hxg6 11. Qb3 Rb8 12. Rd1 Qe7 13. Qc2 a5 14. b3 Rfc8 15.
Bb2 b5 16. cxb5 cxb5 17. Qd3 b4 18. Nb5 Nb6 19. Rac1 Ne8 20. Rxc8 Rxc8 21. Rc1
Qd8 22. Kg2 Rxc1 23. Bxc1 Nc8 24. Qc2 Ne7 25. f3 Qd7 26. Bd2 Nc6 27. Nxd6 Nxd6
28. Qc5 g5 29. g4 f5 30. h3 Nb7 31. Qc2 Nd6 32. Be1 Na7 33. Qc5 Ndb5 34. Bd3 g6
35. Bg3 Nc3 36. Qxa5 Nc6 37. Qc5 Qa7 1-0

[Event "First Saturday 2009 may IM"]
[Site "Budapest"]
[Date "2009.05.07"]
[Round "6"]
[White "Koczo, Kristof"]
[Black "Szalanczy, Emil"]
[Result "1-0"]
[WhiteElo "2244"]
[BlackElo "2295"]
[PlyCount "103"]
[EventDate "2009.05.02"]

1. d4 c5 2. d5 e6 3. c4 exd5 4. cxd5 d6 5. e4 g6 6. Nc3 Bg7 7. Bd3 Nh6 8. Bf4
g5 9. Bg3 Qe7 10. Nge2 Be5 11. Bxe5 Qxe5 12. f3 Nd7 13. Qd2 f6 14. Nb5 O-O 15.
Nc7 Rb8 16. Ne6 Re8 17. h4 Nf7 18. hxg5 fxg5 19. Rh5 Rxe6 20. dxe6 Qxe6 21. f4
b5 22. e5 Nf8 23. exd6 Rb6 24. fxg5 c4 25. Bc2 Rxd6 26. Qf4 Rd3 27. Kf1 Ng6 28.
Qf6 Rd2 29. Qxe6 Bxe6 30. Bxg6 hxg6 31. Rh4 Rxb2 32. Nf4 Bf5 33. Nd5 Kg7 34.
Re1 Rb1 35. Rxb1 Bxb1 36. Ke1 Bd3 37. Nb4 Bf5 38. a4 Nxg5 39. axb5 Ne4 40. Nc6
g5 41. Rh2 c3 42. g4 Bxg4 43. Rc2 Kf6 44. Nxa7 Ke5 45. b6 Kd6 46. Rc1 Bf3 47.
b7 Kc7 48. Rb1 Kb8 49. Nc6+ Kc7 50. b8=Q+ Kxc6 51. Qb5+ Kc7 52. Qc4+ 1-0